| 000 -LEADER |
| fixed length control field |
00607nam a2200217Ia 4500 |
| 001 - CONTROL NUMBER |
| control field |
7371 |
| 003 - CONTROL NUMBER IDENTIFIER |
| control field |
GE_BSU |
| 008 - FIXED-LENGTH DATA ELEMENTS--GENERAL INFORMATION |
| fixed length control field |
181216s||||||||xx |||||||||||||| ||und|| |
| 040 ## - CATALOGING SOURCE |
| Transcribing agency |
GE_BSU |
| 080 ## - UNIVERSAL DECIMAL CLASSIFICATION NUMBER |
| Universal Decimal Classification number |
621.64 |
| 100 ## - MAIN ENTRY--PERSONAL NAME |
| Personal name |
Гордюхин,А.И. |
| 245 ## - TITLE STATEMENT |
| Title |
Газовые сети и установки. |
| 245 ## - TITLE STATEMENT |
| Statement of responsibility, etc. |
Ред. А.А. Широкова. |
| 250 ## - EDITION STATEMENT |
| Edition statement |
Изд 2-ое, перераб. и доп. |
| 260 ## - PUBLICATION, DISTRIBUTION, ETC. |
| Place of publication, distribution, etc. |
М. |
| 260 ## - PUBLICATION, DISTRIBUTION, ETC. |
| Name of publisher, distributor, etc. |
Стройиздат. |
| 260 ## - PUBLICATION, DISTRIBUTION, ETC. |
| Date of publication, distribution, etc. |
1978. |
| 300 ## - PHYSICAL DESCRIPTION |
| Extent |
393стр.с илл. 22см. |
| 653 ## - INDEX TERM--UNCONTROLLED |
| Uncontrolled term |
Газовые сети и установки. |
| 942 ## - ADDED ENTRY ELEMENTS (KOHA) |
| Koha item type |
წიგნი |